হুগলী জেলার দেব-দেউল / (Record no. 39827)
[ view plain ]
| 000 -LEADER | |
|---|---|
| fixed length control field | 00852nam a2200229 a 4500 |
| 001 - CONTROL NUMBER | |
| control field | 39827 |
| 003 - CONTROL NUMBER IDENTIFIER | |
| rucl marc code | BD-RjUL |
| 005 - DATE AND TIME OF LATEST TRANSACTION | |
| control field | 20211209053051.0 |
| 008 - FIXED-LENGTH DATA ELEMENTS--GENERAL INFORMATION | |
| fixed length control field | 160418s1971 ii a|||| |||| 00| 0 ben d |
| 020 ## - INTERNATIONAL STANDARD BOOK NUMBER | |
| Terms of availability | : TK. 10 |
| 035 ## - SYSTEM CONTROL NUMBER | |
| System control number | (BD-RjUL)39940 |
| 040 ## - CATALOGING SOURCE | |
| Original cataloging agency | BD-RjUL |
| Language of cataloging | ben |
| Transcribing agency | BD-RjUL |
| 041 ## - LANGUAGE CODE | |
| Language code of text/sound track or separate title | ben |
| 082 ## - DEWEY DECIMAL CLASSIFICATION NUMBER | |
| Edition number | 23 |
| Author mark and year | MEH 1971 |
| Classification number | 954.14 |
| 100 ## - MAIN ENTRY--PERSONAL NAME | |
| Personal name | মিএ, সুধীরকুমার |
| 9 (RLIN) | 122676 |
| 245 ## - TITLE STATEMENT | |
| Title | হুগলী জেলার দেব-দেউল / |
| Statement of responsibility, etc. | সুধীরকুমার মিএ |
| 260 ## - PUBLICATION, DISTRIBUTION, ETC. (IMPRINT) | |
| Place of publication, distribution, etc. | কলিকাতা : |
| Name of publisher, distributor, etc. | আনন্দধারা প্রকাশন, |
| Date of publication, distribution, etc. | ১৯৭১ |
| 300 ## - PHYSICAL DESCRIPTION | |
| Pagination | [৪২], ২২৯ পৃ.: |
| Illustrations | চিএ ; |
| Size | ২১ সেমি |
| 651 ## - SUBJECT ADDED ENTRY--GEOGRAPHIC NAME | |
| Geographic name | হুগলী (বেঙ্গল) |
| General subdivision | ইতিহাস |
| 9 (RLIN) | 183399 |
| Geographic name | Huglee [Bengal] |
| General subdivision | History |
| 9 (RLIN) | 183400 |
| 942 ## - ADDED ENTRY ELEMENTS (KOHA) | |
| Source of classification or shelving scheme | Dewey Decimal Classification |
| Koha item type | Books |
| Lost status | Source of classification or shelving scheme | Damaged status | Not for loan | Collection code | Permanent Location | Current Location | Shelving location | Date acquired | Source of acquisition | Total Checkouts | Full call number | Date last seen | Copy number | Koha item type |
|---|---|---|---|---|---|---|---|---|---|---|---|---|---|---|
| Dewey Decimal Classification | Not For Loan | Non-fiction | Central Library, University of Rajshahi | Central Library, University of Rajshahi | Reading Room | 23/11/1978 | India | B 954.14 MEH 1971 | 18/04/2016 | C-1 | Books | |||
| Dewey Decimal Classification | Non-fiction | Central Library, University of Rajshahi | Central Library, University of Rajshahi | 24/08/1973 | Varotio High Comissioner, Rajshahi | B 954.14 MEH 1971 | 18/01/2017 | C-2 | Books |